000 00297nam a22001337a 4500
008 180301b xxu||||| |||| 00| 0 eng d
020 _a9781899883721
041 _aeng
080 _a78
100 _a45
101 _aMUZ
245 _aOpera a new way of listening
_cAlexander,
942 _2udc
_cBK
999 _c43893
_d43893